| 000 -LEADER |
| fixed length control field |
01257cam a22003012 b4500 |
| 001 - CONTROL NUMBER |
| control field |
9728629 |
| 005 - DATE AND TIME OF LATEST TRANSACTION |
| control field |
20170105102354.0 |
| 006 - FIXED-LENGTH DATA ELEMENTS--ADDITIONAL MATERIAL CHARACTERISTICS |
| fixed length control field |
m d |
| 007 - PHYSICAL DESCRIPTION FIXED FIELD--GENERAL INFORMATION |
| fixed length control field |
cr n |
| 008 - FIXED-LENGTH DATA ELEMENTS--GENERAL INFORMATION |
| fixed length control field |
110831s2011uuuuxxk s|||||||| ||eng|d |
| 020 ## - INTERNATIONAL STANDARD BOOK NUMBER |
| International Standard Book Number |
9781849681896 |
| 020 ## - INTERNATIONAL STANDARD BOOK NUMBER |
| International Standard Book Number |
1849681899 (EBook) |
| Terms of availability |
USD 49.49 Retail Price (ebrary, Incorporated) |
| 024 3# - OTHER STANDARD IDENTIFIER |
| Standard number or code |
9781849681896 |
| 035 ## - SYSTEM CONTROL NUMBER |
| System control number |
(WaSeSS)ssj0000524615 |
| 037 ## - SOURCE OF ACQUISITION |
| Source of stock number/acquisition |
01201872 |
| 040 ## - CATALOGING SOURCE |
| Original cataloging agency |
BIP US |
| Modifying agency |
WaSeSS |
| 100 1# - MAIN ENTRY--PERSONAL NAME |
| Personal name |
Vesterli, Sten E. |
| Relator term |
Author |
| 210 10 - ABBREVIATED TITLE |
| Abbreviated title |
Oracle Adf Enterprise Application Development Made Simple |
| 245 10 - TITLE STATEMENT |
| Title |
Oracle Adf Enterprise Application Development Made Simple |
| Remainder of title |
Successfully plan, develop, test, and deploy enterprise applications with Oracle ADF |
| Statement of responsibility, etc. |
Vesterli, Sten E. |
| 260 ## - PUBLICATION, DISTRIBUTION, ETC. |
| Place of publication, distribution, etc. |
Birmingham : |
| Name of publisher, distributor, etc. |
Packt Publishing, Limited |
| Date of publication, distribution, etc. |
Jan. 2011 |
| Place of publication, distribution, etc. |
Palo Alto : |
| Name of publisher, distributor, etc. |
ebrary, Incorporated [Distributor] |
| 300 ## - PHYSICAL DESCRIPTION |
| Extent |
xi, 388 p. |
| Other physical details |
ill.; |
| Dimensions |
25 cm. |
| 501 ## - WITH NOTE |
| With note |
Includes index. |
| 506 ## - RESTRICTIONS ON ACCESS NOTE |
| Terms governing access |
License restrictions may limit access. |
| 773 #0 - HOST ITEM ENTRY |
| Title |
Safari Technical Books (Current File) |
| 856 40 - ELECTRONIC LOCATION AND ACCESS |
| Uniform Resource Identifier |
<a href="http://www.columbia.edu/cgi-bin/cul/resolve?clio9728629">http://www.columbia.edu/cgi-bin/cul/resolve?clio9728629</a> |
| Public note |
Full text available from Safari Technical Books (Current File) |
| 910 ## - USER-OPTION DATA (OCLC) |
| User-option data |
Bowker Global Books in Print record |
| 942 ## - ADDED ENTRY ELEMENTS (KOHA) |
| Source of classification or shelving scheme |
|
| Koha item type |
Book |